| 000 | 00704 am a22002418a 4500 | ||
|---|---|---|---|
| 001 | 011296741 | ||
| 005 | 20130929133640.0 | ||
| 008 | 930217s1993 enk || 000 ||eng | ||
| 020 | _a0131757385 (pbk) : | ||
| 020 | _a9780131757387 | ||
| 082 | 0 | 4 |
_a004.2 _222 _bMAN |
| 100 | 1 |
_aMano, M. Morris, _d1927- _933783 |
|
| 245 | 1 | 0 |
_aComputer System Architecture / _cM. Morris Mano. |
| 250 | _a3Rev.ed. | ||
| 260 |
_aNew Jersey : _bPrentice-Hall, _c1993. |
||
| 300 |
_a[576]p. ; _c24cm. |
||
| 500 | _aPrevious ed.: 1982. | ||
| 500 | _aBibliography: p514. -Includes index. | ||
| 590 | _aPrevious ed.: 1982 | ||
| 650 | 0 |
_aComputer architecture. _933784 |
|
| 653 | 1 |
_bCS _cSeptember2013 |
|
| 942 |
_2ddc _cBB |
||
| 999 |
_c17564 _d17536 |
||